Kolektívna zmluva Švermove železiarne, n.p. Podbrezová na rok 1963.
Uložené v:
| Médium: | Kniha |
|---|---|
| Jazyk: | Slovak |
| Vydané: |
Podbrezová :
Švermove železiarne, n.p.,
1963
|
| Vydanie: | 1. vyd. |
| ISBN: |
(brož.) |
| Fyzický popis: |
7 s. |
| Tagy: |
Pridať tag
Žiadne tagy, Buďte prvý kto otaguje tento záznam!
|
Titul je dostupný aj v ... 

MARC
| LEADER | 00000nam a22000004a 4500 | ||
|---|---|---|---|
| 001 | 000463594 | ||
| 005 | 20150411142235.0 | ||
| 008 | 150411 1963 xo e slo d | ||
| 020 | |a (brož.) |c Kčs 1,00 | ||
| 040 | |a SVKKK |b slo |c SVKKK |e AACR2 | ||
| 041 | 0 | |a slo | |
| 044 | |a xo |c SK | ||
| 245 | 1 | 0 | |a Kolektívna zmluva Švermove železiarne, n.p. Podbrezová na rok 1963. |
| 250 | |a 1. vyd. | ||
| 260 | |a Podbrezová : |b Švermove železiarne, n.p., |c 1963 |e (Banská Bystrica, |f Tlačiarne SNP) | ||
| 300 | |a 7 s. | ||
| 500 | |a Podbrezovan. Závodný časopis pracujúcich Švermových železiarní | ||
| 910 | |a svkkk | ||
| 998 | |a BK | ||
| 090 | |g SCKHL |k Sklad Pribinova 1. posch. |a IV.31862 |j 336168 |i 463594-10 |s Povinný výt. | ||